00329nam a2200121Ia 4500008004100000040001400041041001200055082001800067100002700085245004500112260003300157300001700190230917s9999||||xx |||||||||||||| ||und|| e270aMAIN aEnglish a660.297 B631E aBockris, John O'M, ed. 0aElectrochemistry of cleaner environments aNew YorkbPlenum Pressc1975 axiii, 296 p.